000 00892nam a2200253Ia 4500
003 OSt
005 20220923211543.0
006 a|||||r|||| 00| 0
007 ta
008 Pun
020 _a9789383437245 (hbk)
_c150
024 _a290,076
037 _b1019, 16/03/2016, H.K. Prakashan
_cTextual
040 _aARTS
_cARTS
_bPun
041 _2Pun
_aPun
082 _aV2y7M99, 153Q4
100 _aFਰਮਾ, ਸੱਭਿਆਨਾਰਾਇਣ
_9160760
245 0 _aਪੰਜਾਬ ਦਾ ਮਹਾਨ Fਹੀਦ ਸਰਦਾਰ ਉਧਮ ਸਿੰਘ
260 _aਚੰਡੀਗੜ
_b ਸਾਇ੍ਵਸ ਐ੍ਵਡ ਜਨਰਲ
_c2014
300 _a135ਪੰ
_ccm.
650 _aਭਾਰਤੀਯ ਇਤਿਹਾਸ
942 _hV2y7M99, 153Q4
_cTEXL
_2CC
999 _c300705
_d300705